000 00770nam a2200217Ii 4500
003 JO-AjNU
008 230605s9999||||xx |||||||||||||| ||und||
017 _a1994/12/1326
040 _aJO-AjNU
_bara
_erda
_cJO-AjNU
041 _aara
050 1 4 _aK901.M8322.1995
100 3 _a رمضان ، محمد أحمد ,
_eauthor
_946592
245 0 0 _aالمسؤولية المدنية عن الاصرار في بيئة الجوار
250 _aط1
264 3 1 _aعمان : دار الحبيب للنشر ، 1995
300 _a242ص
336 _atext
_btxt
_2rdacontent
337 _aunmediated
_bn
_2rdamedia
338 _avolume
_bnc
_2rdacarrier
650 4 _aالايجار -- تلوث البيئة في القانون -- المسؤولية المدنية
_946593
999 _aA20281
_c23849
_d23849